Central Library OPAC University of Rajshahi

Algebra for problem solving / (Record no. 6881)

MARC details
000 -LEADER
fixed length control field 00723cam a22002411 4500
001 - CONTROL NUMBER
control field 6881
003 - CONTROL NUMBER IDENTIFIER
rucl marc code BD-RjUL
005 - DATE AND TIME OF LATEST TRANSACTION
control field 20211208234330.0
008 - FIXED-LENGTH DATA ELEMENTS--GENERAL INFORMATION
fixed length control field 120114s1953 xx ado 001 0 eng d
035 ## - SYSTEM CONTROL NUMBER
System control number (BD-RjUL)6923
System control number (OCoLC)1474877
040 ## - CATALOGING SOURCE
Original cataloging agency DLC
Transcribing agency FMU
Modifying agency DLC
-- BD-RjUL
Language of cataloging eng
041 ## - LANGUAGE CODE
Language code of text/sound track or separate title eng
082 ## - DEWEY DECIMAL CLASSIFICATION NUMBER
Classification number 512.9
Author mark and year FRA 1953
100 1# - MAIN ENTRY--PERSONAL NAME
Personal name Freilich, Julius.
9 (RLIN) 21609
245 10 - TITLE STATEMENT
Title Algebra for problem solving /
Statement of responsibility, etc. Julius Freilich, Simon L. Berman [and] Elsie Parker Johnson.
260 ## - PUBLICATION, DISTRIBUTION, ETC. (IMPRINT)
Place of publication, distribution, etc. Boston,
Name of publisher, distributor, etc. Houghton Mifflin
Date of publication, distribution, etc. c1953
300 ## - PHYSICAL DESCRIPTION
Pagination 534 p.
Illustrations illus.
Size 23 cm.
490 0# - SERIES STATEMENT
Series statement Riverside mathematics series.
650 #0 - SUBJECT ADDED ENTRY--TOPICAL TERM
Topical term or geographic name as entry element Algebra
General subdivision Problems, exercises, etc.
9 (RLIN) 21610
942 ## - ADDED ENTRY ELEMENTS (KOHA)
Source of classification or shelving scheme Dewey Decimal Classification
Koha item type Books
Holdings
Lost status Source of classification or shelving scheme Damaged status Not for loan Collection code Permanent Location Current Location Shelving location Date acquired Source of acquisition Total Checkouts Full call number Date last seen Copy number Koha item type Cost, normal purchase price
  Dewey Decimal Classification     Non-fiction Central Library, University of Rajshahi Central Library, University of Rajshahi   10/04/1965 USA   512.9 FRA 1953 12/01/2014 C-3 Books  
  Dewey Decimal Classification     Non-fiction Central Library, University of Rajshahi Central Library, University of Rajshahi   10/04/1967 U.S.A   512.9 FRA 1953 14/11/2016 C-2 Books  
  Dewey Decimal Classification   Not For Loan Non-fiction Central Library, University of Rajshahi Central Library, University of Rajshahi Reading Room 16/04/1967 U. S. Govt.   512.9 FRA 1953 15/04/2017 C-1 Books 0.00